| 000 | 00412nam a22001697a 4500 | ||
|---|---|---|---|
| 005 | 20260312114444.0 | ||
| 008 | 260312b |||||||| |||| 00| 0 eng d | ||
| 020 | _a8179251292 | ||
| 041 | _aEng. | ||
| 082 |
_a720.85 _bTUP. |
||
| 100 |
_aTupe S. _9217072 |
||
| 245 | _aSketchbook | ||
| 260 |
_aPune _bJyotsna Prakashan _c2005 |
||
| 300 |
_a96p _bPB _c28 x 21.5 cm |
||
| 365 |
_aINR _b1.00 _cRupaye |
||
| 942 | _cDB | ||
| 999 |
_c370712 _d370712 |
||